00940 a2200181 45000010006000000050017000060080041000230030015000640400040000790800066001192450141001850200022003262640033003483000024003815050315004050410008007201000030007286306420260407155925.0260407a2006 arg spa dAR-UNSa-BCEJYS aAR-UNSa-BCEJYSbspacAR-UNSa-BCEJYS a378xEnseñanza superior. Universidades. Escuelas especiales10aLa universidad pública en un proyecto de NaciónpEn el marco del proyecto Mariano Moreno para la reformulación del contrato social a978-987-03-0834-8 1aBuenos Aires :bLa Leyc2006 axvi, 208 p.c24 cm. a1. El mundo actual y la educación - 2. Para salir de la crisis – 3. Marco constitucional de la educación superior – 4. Los principios de la reforma universitaria – 5. Hacia un nuevo contrato social – 6. Bases para una nueva Ley de educación superior – 7. Propuestas de acción en 5600 palabras aspa1 aAlterini, Atilio Aníbal